000 00604nam a2200241 a 4500
001 nice12345678
003 IN_TiNIC
005 20260116013848.0
008 050524s1999 leia grp 000 0 eng
020 _a9004030
_c100
082 0 0 _a340.59
_bJOH
100 _aJohansen, Baber
245 _aContingency in a Sacred Law
260 _aLeiden
_bBrill
_c1999
300 _a521p
500 _aincludes index and biblioraphy
505 2 _aNotes, Selected Bibliography, Index
650 _aIslamic-Law
700 1 _aJohansen, Baber
902 _bSRS
942 _cBK
999 _c12837
_d12837